| 000 | 00704nam a22002417a 4500 | ||
|---|---|---|---|
| 999 |
_c319114 _d319114 |
||
| 001 | 32667 | ||
| 003 | UA-OsUOA | ||
| 005 | 20200615214650.0 | ||
| 007 | ta | ||
| 008 | 20050209b un ||||| |||| 00| 0 ukr d | ||
| 040 |
_aUA-OsUOA _brus _cUA-OsUOA _dUA-OsUOA |
||
| 041 | _arus | ||
| 044 | _aRU | ||
| 080 | _a821.131.1 | ||
| 090 |
_a821.131.1 _bД19 |
||
| 100 | _a Алигьери Д. | ||
| 245 | _aНовая жизнь: рождественная комедия | ||
| 260 |
_aМ. _bХудожественная литература _c1967 |
||
| 300 |
_a688 с. _bІлюстрації |
||
| 650 | 7 |
_a82 Література. Літературознавство _2UDC |
|
| 942 |
_cBK _2udc |
||
| 955 | _a3 | ||